| 000 | 00000nam##2200000za#4500 |
| 001 | 9.601816 |
| 003 | CaOODSP |
| 005 | 20210624210244 |
| 007 | cr ||||||||||| |
| 008 | 150406|2003||||xxc|||||o f|0| 0 fre|d |
| 040 | |aCaOODSP|bfre |
| 043 | |an-cn--- |
| 086 | 1 |aYC32-0/372-7F-PDF |
| 110 | 1 |aCanada. |bParlement. |bSénat. |bComité sénatorial permanent des droits de la personne. |
| 245 | 10|aRapport de la délégation du Comité sénatorial permanent des droits de la personne sur sa mission d'information à Genève (Suisse) et Strasbourg (France) : |h[ressource électronique]|b10-17 octobre 2003 |
| 260 | |bSénat. |c[2003]. |
| 300 | |a18p. |
| 490 | 1 |aRapport du Comité sénatorial permanent des Droits de la personne|v[37e législature, 2e session, 7e rapport] |
| 590 | |a11-12-Supp|b2011-07-29 |
| 775 | 08|tReport of the delegation of the Standing Senate Committee on Human Rights on its fact-finding mission to Geneva, Switzerland and Strasbourg France : |w(CaOODSP)9.571185 |
| 830 | #0|aRapport du Comité sénatorial permanent des droits de la personne ;|v[37e législature, 2e session, 7e rapport]|w(CaOODSP)9.501651 |
| 856 | 40|ahttp://publications.gc.ca|qPDF|s143 Ko|uhttps://publications.gc.ca/collections/collection_2011/sen/yc32-0/YC32-0-372-7-fra.pdf|y[37e législature, 2e session, 7e rapport] |